Statistics for Biggest City in Each Oceanian Country on a Map

Click here to take the quiz!

General Stats

  • This quiz has been taken 96 times
  • The average score is 11 of 14

Answers on the Map

Answers color-coded by a green-red scale on the quiz's map according to % correct below.
 

Answer Stats

CountryPopulationCity% Correct
New Zealand1,470,100Auckland
100%
Australia4,321,534Sydney
100%
Papua New Guinea364,125Port Moresby
98%
Fiji93,970Suva
95%
Samoa37,391Apia
89%
Tonga23,221Nuku'alofa
88%
Solomon Islands130,176Honiara
87%
Vanuatu51,437Port Vila
86%
Tuvalu6,320Funafuti
82%
Marshall Islands27,797Majuro
81%
Kiribati63,439South Tarawa
80%
Palau9,781Koror
57%
Micronesia13,856Weno
45%
Nauru307Denigomodu
33%

Score Distribution

Percentile by Number Answered

Percent of People with Each Score

Your Score History

You have not taken this quiz